The idea of universal history from Hellenistic philosophy to early Christian historiography
Αποθηκεύτηκε σε:
| Κύριος συγγραφέας: | |
|---|---|
| Μορφή: | Βιβλίο |
| Γλώσσα: | English |
| Δημοσίευση: |
New York :
The Edwin Mellen Press,
c1996
|
| Σειρά: | Texts and studies in religion ;
; 67 |
| Θέματα: | |
| Ετικέτες: |
Προσθήκη ετικέτας
Δεν υπάρχουν, Καταχωρήστε ετικέτα πρώτοι!
|
MARC
| LEADER | 00000nam a2200000 i 4500 | ||
|---|---|---|---|
| 001 | 1/78485 | ||
| 008 | 990427s1996 eng d | ||
| 020 | |a 0-7734-8787-5 | ||
| 035 | |l 10050162 | ||
| 040 | |a GR-MY-UA |b gre |e aacr | ||
| 041 | 0 | |a eng | |
| 082 | 0 | |a 930.072 | |
| 100 | 1 | |a Mortley, Raoul. | |
| 245 | 1 | 4 | |a The idea of universal history from Hellenistic philosophy to early Christian historiography / |c Raoul Mortley |
| 260 | |a New York : |b The Edwin Mellen Press, |c c1996 | ||
| 300 | |a 237 p. | ||
| 490 | 1 | |a Texts and studies in religion | |
| 504 | |a Includes bibliographical references and index | ||
| 630 | 0 | 0 | |a Bible. N.T. Acts |x History of contemporary events. |
| 650 | 0 | 0 | |a History, Ancient |x Historiography. |
| 650 | 0 | 0 | |a History |x Philosophy. |
| 650 | 0 | 0 | |a Church history |y Primitive and early church, ca. 30-600 |x Historiography. |
| 650 | 0 | 0 | |a History |x Religious aspects |x Christianity |x History of doctrines |y Early church, ca. 30-600. |
| 830 | 0 | |a Texts and studies in religion ; |v ; 67 | |
| 852 | |a INST |b LESVOS |e 19990427 |h 930.072 MOR |p 005100016689 |q 005100016689 |t BK |y 0 | ||
| 901 | |a BIBL-1999-1 | ||
| 909 | |a Λ |b 061881 | ||
| 922 | |a 1ΕΛΗ |b 199812 |c ΚΠΣ/ΤΚΑ |d ΠΑΠΑΣΩΤΗΡΙΟΥ | ||
| 950 | |a 117-1998-07-12 | ||